01853nam a2200433 a 4500001001000000003000500010005001700015008004100032010001100073011001100084040000900095090001000104100003800114245016500152260003900317500006000356502009600416590004100512590003700553590004100590590004000631590004000671590004000711590004000751650002900791650003300820650005800853650003200911650003300943650003900976856001601015856007001031901000701101942001001108942000601118999001901124952014001143952013601283000110703CHAP20220817044642.0140929s2013 mx a |sm |||||||spa d a107165 a108137 cCHAP aTesis1 aBarajas Pérez, Maricruz912852410aMujeres indígenas rurales y desarrollo comunitario, bosque mujeres identidad. El caso de San Benito, Michoacán.h[En línea]cpor Maricruz Barajas Pérez. aMorelia, Mich. :bEl autor,c2013. aPara ver el contenido del material haga clic en la liga aTesis (M. C. en Desarrollo rural Regional ) -- UACH. Departamento Desarrollo rural Regional aBATCH-UPDb05c20141002lUCH01h0758 aBATCHb00c20181121lUCH01h0758 aE11695DGDb10c20141010lUCH01h1440 aE5995AHEb05c20140929lUCH01h0924 aE5995AHEb05c20140929lUCH01h0926 aE5995AHEb05c20140929lUCH01h0933 aE5995AHEb05c20140929lUCH01h101314aBosquesxPreservación.14aBosqueszMichoacán.91441814aDesarrollo de la comunidad ruralxMichoacán.93201514aMarginalidad social.97134814aMujeres inmigrantes.912694114aMujeresxViolencia contra.9126942 a1 n0000728 aFinding aiduhttp://10.13.5.2/tesis/sist110703.pdfzTeclea aquí aBK cTESIS n0 c107165d107165 00102local4053708TESISaBCbBCcPA_TESISd2014-09-29fTESISl0oTesisp33724002423389r2019-12-31 00:00:00tc.2w2019-12-31yTESIS 00104054718TESISaBCbBCd2014-09-29fTESISl0oTesisp33724002423421r2019-12-31 00:00:00w2019-12-31yTESISzRecien adquirido